| 000 | 00680nam a22001817a 4500 | ||
|---|---|---|---|
| 999 |
_c7779 _d7779 |
||
| 005 | 20230926110201.0 | ||
| 008 | 230926b ||||| |||| 00| 0 eng d | ||
| 020 | _a9788412740509 | ||
| 040 | _aCDMR | ||
| 245 | _aAntonio Franco, un gegant del periodisme | ||
| 260 |
_aBarcelona : _bCol·legi de Periodistes de Catalunya, _c2023 |
||
| 300 |
_a286 p. _c; 24 cm |
||
| 490 |
_aVaixells de paper _v; 35 |
||
| 505 | _aConté articles publicats per Antonio Franco en diferents diaris, així com entrevistes, obituaris i articles sobre ell escrits per diversos autors | ||
| 600 | 1 | 0 |
_91202 _aFranco, Antonio |
| 710 | 2 |
_9133 _aCol·legi de Periodistes de Catalunya |
|
| 942 |
_2udc _cMON |
||